000 00604nam a22002057a 4500
001 0011631
003 DO-SdBNP
005 20180131125430.0
007 0011631
008 161017b 1968 mx||||| |||| 00| 0 spa d
040 _aBPMSU
_bspa
_cBPMSU
100 1 _aD. Bryce, Murray
245 1 0 _aNormas y métodos para el desarrollo industrial /
_cMurray D. Bryce ; traducción Juan A. Boné
260 _aMéxico :
_bReverté,
_c1968.
300 _ax, 353 p. :
_c24 cm.
700 1 _aBoné, Juan A.,
_etr.
942 _2ddc
_cBK
945 _aInventariado, 2018/MFF
956 _aBTAVÁREZ
_b10
_c20161017
_d0011631
999 _c11577
_d11577